| 000 | 00000nam##2200000za#4500 |
| 001 | 9.573461 |
| 003 | CaOODSP |
| 005 | 20210929082754 |
| 007 | cr ||||||||||| |
| 008 | 150406|1993||||xxc|||||o f|0| 0 eng|d |
| 040 | |aCaOODSP|beng |
| 043 | |an-cn--- |
| 086 | 1 |aFo29-6/1-1993E-PDF |
| 110 | 1 |aCanada. |bNatural Resources Canada. |bCanadian Forest Service. |
| 245 | 10|aBalsam wooly adelgid / |h[electronic resource]|c[by] R. Turnquist and J.W.E. Harris. Issued by the Pacific Forestry Centre. |
| 260 | |aVictoria - British Columbia : |bNatural Resources Canada. |cApril 2001. |
| 300 | |a4p.|billus., map, references, photographs |
| 490 | 1 |aForest pest leaflet|v1 |
| 500 | |aThe catalogue number (Fo 29-6/1-1993E) and ISBN (0-662-20745-9) for the print edition have been incorrectly copied in this electronic publication. "Revised January 1993" |
| 590 | |a12-17-Supp|b2012-04-20 |
| 720 | 1 |aHarris, J. W. E. |
| 720 | 1 |aTurnquist, R. D. |
| 776 | 0#|tBalsam woolly adelgid / |w(CaOODSP)9.610625 |
| 830 | #0|aForest pest leaflet ;|v1|w(CaOODSP)9.506908 |
| 856 | 40|ahttp://publications.gc.ca|qPDF|s732 KB|uhttps://publications.gc.ca/collections/collection_2012/rncan-nrcan/Fo29-6-1-1993-eng.pdf|y1 |